| 000 | 00706nam a2200217 a 4500 | ||
|---|---|---|---|
| 999 |
_c4236 _d4236 |
||
| 001 | 4236 | ||
| 003 | BD-JhCC | ||
| 005 | 20171126101924.0 | ||
| 008 | 171125s2003 bg a|||| ||a| 00| 0 ben d | ||
| 035 | _a(BD-JhCC) 4236 | ||
| 040 |
_aBD-JhCC _dBD-JhCC |
||
| 041 | _aben | ||
| 082 |
_a910.4 _bKHA 2003 |
||
| 100 | _aখাতুন, তৈয়বা | ||
| 245 |
_aক' দিনের অষ্ট্রেলিয়া / _cতৈয়বা খাতুন |
||
| 260 |
_aঢাকা : _bবাংলাদেশ ফেডারেশন অব ইউনিভারসিটি উইমেন , _c2003 |
||
| 300 |
_a29 p .: _c22 cm . |
||
| 650 | _aTravelogue | ||
| 942 |
_2ddc _cBK |
||